MARC

LEADER 00000nam0a2200000 4500
001 152957
005 20231031151214.0
020 |a RU  |b 85-39952 
035 |a (RuTPU)RU\TPU\book\165848 
090 |a 152957 
100 |a 20090206d1984 m y0rusy5003 ca 
101 0 |a rus 
102 |a RU 
105 |a a z 000ay 
200 1 |a Исторические романы  |a Когда пал Херсонес... Анна Ярославна - королева Франции. Последний путь Владимир Мономаха  |f А. П. Ладинский  |g авт. послесл. И. Ковалева 
210 |a Москва  |c Советский писатель  |d 1984 
215 |a 704 с.  |c ил.  |d 24 см 
600 1 |a Анна Ярославна  |b королева французская 
600 0 |a Владимир Всеволодович Мономах  |d II  |f 1053-1125  |c Великий князь Киевский из династии Рюриковичей  |c князь Смоленский, Черниговский, Переяславский, Ростовский  |c писатель  |2 stltpush  |3 (RuTPU)RU\TPU\pers\5607 
610 1 |a Киевское государство 
610 1 |a 11 век 
610 1 |a 12 век 
610 1 |a исторические романы 
675 |a Р2  |z rus 
700 1 |a Ладинский  |b А. П.  |g Антонин Петрович  |4 070 
702 1 |a Ковалева  |b И.  |4 075 
801 0 |a RU  |b RuMRKP  |c 19950704  |g psbo 
801 1 |a RU  |b 63413507  |c 20090206  |g PSBO 
801 2 |a RU  |b 63413507  |c 20090206  |g PSBO 
942 |c BK